| 000 | 00730cam a22002291 4500 | ||
|---|---|---|---|
| 001 | f 01003637 | ||
| 003 | DLC | ||
| 005 | 20260227111247.0 | ||
| 008 | 791203m18941895xx 000 0 fre | ||
| 010 | _af 01003637 | ||
| 035 | _a(OCoLC)5754251 | ||
| 040 |
_aDLC _cFTaSU _dDLC |
||
| 050 | 0 | 0 |
_aPQ2337.L5 _bM2 1894 |
| 100 | 1 |
_aLepelletier, Edmond, _d1846-1913. |
|
| 245 | 1 | 0 |
_aMadame Sans-Gêne; _broman tiré de la pièce de MM. Victorien Sardou et Émile Moreau. |
| 260 |
_aParis, _bLibrairie illustrée _c[1894-95] |
||
| 300 |
_a3 v. _c18 cm. |
||
| 500 | _aAt head of title: Edmond Lepelletier. | ||
| 500 | _aTitle vignettes (portraits) | ||
| 700 | 1 |
_aSardou, Victorien, _d1831-1908. |
|
| 700 | 1 |
_aMoreau, Emile, _d1852-1922. |
|
| 999 |
_c23133 _d23133 |
||